000 00734cam a2200253u 4500
001 13870
003 BD-RjUL
005 20211208235528.0
008 140202r19611960enka 001 0 eng
035 _a(BD-RjUL)13922
040 _aDLC
_cCarP
_dDLC
_dBD-RjUL
_beng
041 _aeng
082 0 4 _221
_a651.3741
_bPAC 1961
100 1 _aPalmer, Alfred.
_943352
245 0 0 _aCompany secretarial practice /
_cAlfred Palmer.
250 _a9th ed.
260 _aLondon :
_bLongmans,
_cc1960 [impression 1961].
300 _axii, 351 p. :
_billus. ;
_c19 cm.
504 _aIncludes index.
650 0 _aCorporation secretaries
_943353
650 0 _aCorporation
_zGreat Britain
_943354
942 _2ddc
_cBK
999 _c13870
_d13870